Las grandes ciudades mayas de Campeche. homenaje a Román Piña Chán

Sábháilte in:
Sonraí bibleagrafaíochta
Údar corparáideach: Secretaría de Cultura del Gobierno del Estado de Campeche (Údar)
Formáid: LEABHAR
Teanga:Spáinnis
Foilsithe / Cruthaithe: Madrid Turner Publicaciones S.L 2014
Eagrán:1a. ed
Ábhair:
Clibeanna: Cuir clib leis
Níl clibeanna ann, Bí ar an gcéad duine le clib a chur leis an taifead seo!

MARC

LEADER 00000cam a2200000 a 4500
001 UCC5266
003 CL-VaPUC
008 180927e20140000sp |||||||||||||||||spa|d
020 |a 9788416142668 
082 0 4 |a 722.91  |b SEC  |2 21 
110 2 |a Secretaría de Cultura del Gobierno del Estado de Campeche  |e author  |9 599562 
245 1 4 |a Las grandes ciudades mayas de Campeche. homenaje a Román Piña Chán 
250 |a 1a. ed 
300 |a 299 p 
942 |c BK 
945 |d 20180927 22:58:00  |a dcastane 
260 |a Madrid  |b Turner Publicaciones S.L  |c 2014 
650 0 |a Arquitectura maya   |9 265008 
650 0 |a Arte maya   |9 363792 
650 0 |a Arquitectura mexicana antigua   |9 427927 
650 7 |a CIVILIZACION MAYA  |2 CL-VaPUC  |9 267996 
583 |a last modification  |c 20180927 22:58:00  |k Rodrigo Vera 
999 |c 372521  |d 372519 
952 |0 0  |1 0  |3 erd  |4 0  |6 722_910000000000000_SEC_2014  |7 0  |8 A  |9 490198  |a BIBHIS  |b BIBHIS  |i 5504457  |o 722.91 SEC 2014  |p 5504457  |r 2025-01-20  |w 2019-11-24  |y BK  |z Catalogado en:20180927  |k HIS